Central Library OPAC University of Rajshahi

Bangladesh population census, 1981 : (Record no. 62411)

MARC details
000 -LEADER
fixed length control field 00821nam a2200229 a 4500
001 - CONTROL NUMBER
control field 62411
003 - CONTROL NUMBER IDENTIFIER
rucl marc code BD-RjUL
005 - DATE AND TIME OF LATEST TRANSACTION
control field 20211209081101.0
008 - FIXED-LENGTH DATA ELEMENTS--GENERAL INFORMATION
fixed length control field 170214s1987 bg a |s o000 0 eng
020 ## - INTERNATIONAL STANDARD BOOK NUMBER
Terms of availability : Tk. 150.00 (Inland)
035 ## - SYSTEM CONTROL NUMBER
System control number (BD-RjUL)62537
040 ## - CATALOGING SOURCE
Original cataloging agency DLC
Transcribing agency DLC
Modifying agency DLC
-- BD-RjUL
Language of cataloging eng
041 ## - LANGUAGE CODE
Language code of text/sound track or separate title eng
082 ## - DEWEY DECIMAL CLASSIFICATION NUMBER
Edition number 23
Classification number 304.6095492021
Author mark and year BAB 1987 (AR)
110 1# - MAIN ENTRY--CORPORATE NAME
Corporate name or jurisdiction name as entry element Bangladesh Bureau of Statistics
9 (RLIN) 179266
245 10 - TITLE STATEMENT
Title Bangladesh population census, 1981 :
Remainder of title Administrative Report /
Statement of responsibility, etc. Bangladesh Bureau of Statistics
260 ## - PUBLICATION, DISTRIBUTION, ETC. (IMPRINT)
Place of publication, distribution, etc. Dhaka :
Name of publisher, distributor, etc. Bangladesh Bureau of Statistics,
Date of publication, distribution, etc. 1987.
300 ## - PHYSICAL DESCRIPTION
Pagination [6], 227 p. :
Illustrations Ill. ;
Size 28 cm.
651 ## - SUBJECT ADDED ENTRY--GEOGRAPHIC NAME
Geographic name Bangladesh
Form subdivision Census, 1981
General subdivision Adminstrative Report
9 (RLIN) 191134
Geographic name Bangladesh
General subdivision Population
Form subdivision Statistics
-- Administrative Report
Chronological subdivision 1981
9 (RLIN) 191135
942 ## - ADDED ENTRY ELEMENTS (KOHA)
Source of classification or shelving scheme Dewey Decimal Classification
Koha item type Rare Books
Holdings
Lost status Source of classification or shelving scheme Damaged status Not for loan Collection code Permanent Location Current Location Shelving location Date acquired Source of acquisition Total Checkouts Full call number Date last seen Copy number Koha item type
  Dewey Decimal Classification   Not For Loan Rare Books Central Library, University of Rajshahi Central Library, University of Rajshahi Rare Book Section 19/08/1993 Dhaka, BBS   RA 304.6095492021 BAB 1987(AR) 14/02/2017 C-1 Rare Books